000 00617nam a2200193Ia 4500
003 GCL
008 140319s9999 xx 000 0 ara d
040 _aGCL /
_cGCL
082 0 4 _aد
_b050
_bه ن
100 1 _aدار الكتب والوثائق القومية
245 1 0 _aنشرة الايداع /
_cدار الكتب والوثائق القومية
260 _aالقاهرة :
_bالهيئة المصرية العامة للكتاب
300 _aمتعدد
490 _aنظم التعلم
_v0
650 0 4 _aالكتب
650 0 4 _aالدوريات
650 0 4 _aالمطبوعات
942 _2ddc
_cCF
999 _c26944
_d26944